Music Quiz

Random Music or Alphabet Quiz

Bands & Musicians by Song: 'B' Quiz Stats

 Plays Quiz Updated Mar 29, 2018

Score 0/20 Timer 05:00
5 Plays Today
% Correct
Bee Gees - Stayin' Alive
93.6%
The Beatles - Yesterday
92.8%
Beyoncé - Single Ladies (Put a Ring on It)
92.7%
Bowie, David - Space Oddity
91.5%
Bon Jovi - Livin' On A Prayer
90.6%
Blondie - Heart Of Glass
84.7%
Backstreet Boys - I Want It That Way
83.7%
The Bangles - Manic Monday
81.8%
Beastie Boys - (You Gotta) Fight
For Your Right (To Party)
79.2%
The Beach Boys - Good Vibrations
79.1%
% Correct
Black Sabbath - Paranoid
78.9%
Berry, Chuck - Johnny B. Goode
76.7%
Blink-182 - All The Small Things
75.4%
The Black Eyed Peas - Where Is The Love?
74.6%
The Byrds - Mr. Tambourine Man
70.7%
Braxton, Toni - Un-Break My Heart
68.1%
Boyz II Men - On Bended Knee
67.9%
Brown, James - I Got You
66.2%
Brandy - Have You Ever?
66.1%
Boston - More than A Feeling
63.5%

You're not logged in!

Compare scores with friends on all Sporcle quizzes.
OR
Log In

Show Comments

Extras

Top Quizzes Today


Score Distribution

Your Account Isn't Verified!

In order to create a playlist on Sporcle, you need to verify the email address you used during registration. Go to your Sporcle Settings to finish the process.

Report this User

Report this user for behavior that violates our Community Guidelines.

Details: